00621nam a2200205Ia 450000500170000000800410001702000180005804100120007608200150008810000220010324501040012525000120022926000360024130000200027765000240029765000190032165000250034070000260036570000240039120260429112013.0260429s9999||||xx |||||||||||||| ||und|| a9781032913179 aEnglish a201.7bGER aGervasio, Gennaro 0aDiversity, fear and religions : bcultural accommodation in a globalized world / cGennaro Gervasio a1st ed. aNew Delhi : bRoutledge,c2026. axvi, 181 p.; hb a Cultural diversity a Globalization aReligion and society a Giorda, Maria Chiara a Perucchini, Paola